000 00670nam a2200217Ia 4500
003 GCL
008 140319s9999 xx 000 0 ara d
040 _aGCL /
_cGCL
082 0 4 _a348.04
_bع ث
100 1 _aعبدالله امام
245 1 0 _aثورة مصر : الجذور . التنظيم . التحقيقات . الوثائق /
_cعبدالله امام
260 _a[S.N] :
_bسينا للنشر ،
_c1988
300 _a199 ص
490 _a
650 0 4 _aمصر
650 0 4 _aالاغتيال
650 0 4 _aالنزاع العربى الاسرائيلى
650 0 4 _aاسرائيل
650 0 4 _aالجرائم السياسية
942 _2ddc
_cBK
999 _c34453
_d34453